00898nam a22001697a 4500003000900000008004100009040007100050082002800121100001500149245014200164260004800306300002800354505026400382650002000646650001600666700004600682AR-CdUCM190405b           ||||| |||| 00| 0 spa d  aMUNICIPALIDAD PROVINCIAL DEL CUSCOcBIBLIOTECA MUNICIPAL DEL CUSCO  23ed.a341 /bA31 / 1873  aAhrens, E.  aCurso de derecho natural o de filosofía del derecho :bcompletado en las principales materias, con ojeadas históricas y políticas /  aMadrid :bCarlos Bailly - Bailliere,c1873.  a682 páginas ;c22 cm.  aContenido: De la filosofía del derecho -- Bases filosóficas y explanación del principio del derecho -- Exposición detallada del derecho de los diversos ordenes de bienes y del derecho de las esferas principales de la personalidad en que se realiza ...  aDerecho natural  aFilosofía  aRodriguez Hortelano, Pedro (traducción)